Normal view
MARC view
- فكر وتفكير-علم نفس تربوي-تفكير سليم-التفكير الإبداعي-التفكير الناقد
Entry Topical Term
001 - CONTROL NUMBER
- control field: 22485
003 - CONTROL NUMBER IDENTIFIER
- control field: JO-AjAnu
005 - DATE AND TIME OF LATEST TRANSACTION
- control field: 20230606073859.0
008 - FIXED-LENGTH DATA ELEMENTS
- fixed length control field: 230606|| aca||aabn | a|a d
040 ## - CATALOGING SOURCE
- Original cataloging agency: JO-AjAnu
- Transcribing agency: JO-AjAnu
150 ## - HEADING--TOPICAL TERM
- Topical term or geographic name entry element: فكر وتفكير-علم نفس تربوي-تفكير سليم-التفكير الإبداعي-التفكير الناقد
670 ## - SOURCE DATA FOUND
- Source citation: Work cat.: (JO-AjAnu)11556: .م،مشارك/ الحوراني،منير مترجم/جمل،محمد جهاد مراجع ومعدل Caro A،Nassab/ مؤلف Donald j،Trewfinger, author 22484, أسس التفكير وأدواته: مفاهيم وتدريبات في تعلم التفكير بنوعية الإبداعي والناقد=ThinkingTools Lessons: Acollection Of Lessons For Teaching Creative and Critical Thinking